000
00304nam a22001337a 4500
008
170329b xxu||||| |||| 00| 0 eng d
020
_a
9780071441704
041
_a
eng
080
_a
616-053.2
100
_a
8
101
_a
SHM
245
_a
FIRST EXPOSURE TO PEDIATRICS
_c
GIGANTE, J
942
_2
udc
_c
BK
999
_c
9017
_d
9017